Loading...
| History - World | 0 | 3 | 0 | 0 | 30 | 88 | 111.33 | 0 | 3 | 0.00 | 0.00 |
| Fine Arts - Visual | 0 | 3 | 0 | 0 | 30 | 81 | 117.67 | 0 | 2 | 0.00 | 0.00 |
| Literature - British | 1 | 1 | 0 | 0 | 25 | 72 | 97.50 | 0 | 2 | 0.00 | 0.00 |
| Other Science: Math | 1 | 1 | 0 | 0 | 25 | 61 | 89.00 | 1 | 1 | 0.00 | 0.00 |
| 0 | 2 | 0 | 1 | 20 | 115 | 127.00 | 0 | 1 | 0.00 | 0.00 | |
| Fine Arts - Auditory | 0 | 2 | 0 | 1 | 20 | 125 | 126.00 | 0 | 1 | 0.00 | 0.00 |
| Literature - British | 1 | 0 | 0 | 0 | 15 | 71 | 71.00 | 1 | 1 | 0.00 | 0.00 |
| Social Science | 1 | 0 | 0 | 0 | 15 | 78 | 78.00 | 0 | 1 | 0.00 | 0.00 |
| Geography | 0 | 1 | 0 | 0 | 10 | 132 | 132.00 | 0 | 0 | 0.00 | 0.00 |
| Other Academic | 0 | 1 | 0 | 1 | 10 | 110 | 110.00 | 0 | 1 | 0.00 | 0.00 |
| Other Science: Computer Science | 0 | 1 | 0 | 1 | 10 | 130 | 130.00 | 0 | 0 | 0.00 | 0.00 |
| Science - Biology | 0 | 1 | 0 | 1 | 10 | 145 | 145.00 | 0 | 0 | 0.00 | 0.00 |
| History - European | 0 | 1 | 0 | 0 | 10 | 81 | 81.00 | 0 | 1 | 0.00 | 0.00 |
| Literature - American | 0 | 1 | 0 | 0 | 10 | 123 | 123.00 | 0 | 1 | 0.00 | 0.00 |
| Beliefs | 0 | 1 | 1 | 1 | 5 | 125 | 125.00 | 0 | 0 | 0.00 | 0.00 |
| Science - Physics | 0 | 0 | 1 | 0 | -5 | 0.00 | 0 | 0 | 0.00 | 0.00 |